| 000 | 00684nam a22002177a 4500 | ||
|---|---|---|---|
| 005 | 20170124105917.0 | ||
| 010 | _aB-064101 | ||
| 020 |
_c00.00 _a0333980964 |
||
| 035 | _aB-064101 | ||
| 037 | _bCen Lib/Ret | ||
| 040 |
_aDPL _bEN |
||
| 082 |
_a050 _bSTA |
||
| 245 |
_aThe statesman's yearbook : _c edited by Barry Turner _bThe politics, cultures and economies of the world / |
||
| 260 |
_aNew York _b Palgrave Macmillan _c2003 |
||
| 270 |
_a175, fifth Avenue _bNew York _e10010 |
||
| 300 |
_axlvii, 2060p. _c19cm (Hb) |
||
| 500 | _aIncludes index | ||
| 650 |
_aGernalities _vYearbook _9105279 |
||
| 700 |
_aTurner, Barry _941704 |
||
| 942 |
_2ddc _cEN _h050 _mSTA |
||
| 999 |
_c122895 _d122895 |
||